000 01814nam a22003137a 4500
003 OSt
005 20210325144935.0
008 210325s2012 cl ad||gr|||| 00| 0 spa d
020 _a9789568853082
040 _aCO-JMCR
_cCO-JMCR
041 0 _aspa
082 0 4 _a321.252 /
_bS471o
_221
111 2 _aSeminario Internacional "Oportunidades y Desafíos de los Sistemas de Capitalización Individual en un Mundo Globalizado"
_d(2012 :
_cMéxico)
_936561
245 1 0 _aOportunidades y Desafíos de los Sistemas de Capitalización Individual en un Mundo Globalizado /
_cSeminario
250 _aPrimera edición
260 _aSantiago de Chile :
_bFederación Internacional de Administradoras de Fondos de Pensiones [FIAP],
_c2012
300 _a327 páginas :
_bilustraciones y gráficas a blanco y negro ;
_c23 cm.
505 0 _aLos sistemas de pensiones de capitalización individual y los gobiernos corporativos -- Avanzado hacia la provisión de mejores montos de pensión -- Desarrollo de los sistemas de pensiones frente a un consumidor más exigente
650 1 4 _aFondos de pensiones$x Administración$v Congresos, conferencias, etc.
_936562
650 2 4 _aAhorro e inversión$v Congresos, conferencias, etc.
_936563
650 2 4 _aaFondos de pensiones$x Estudios comparados$v Congresos, conferencias, etc.
_936564
650 2 4 _aPensiones$z Perú$v Congresos, conferencias, etc.
_936565
650 2 4 _aPensiones$z México$v Congresos, conferencias, etc.
_936566
650 2 4 _aFondos privados de pensiones$v Congresos, conferencias, etc.
_936567
650 2 4 _aAhorro e inversión$z Estados Unidos$v Congresos, conferencias, etc.
_936568
650 2 4 _a$aPensiones$z Polonia$v Congresos, conferencias, etc.
_936569
650 2 4 _aPensiones$z Chile$v Congresos, conferencias, etc.
_936570
942 _2ddc
_cBK
999 _c15501
_d15501